000 00996nam a22002297a 4500
005 20211113120709.0
008 211113b ||||| |||| 00| 0 eng d
020 _a0297848844
040 _cAL
082 _223
_a956
_bLEWB
100 _aBernard Lewis
_910335
245 _aFrom Babel to Dragomans
260 _aLondon
_bWeidenfield & Nicolson
_c2004
300 _axiv,438 p.
_bHB
_c24x16 cm.
520 _aFrom Babel to Dragomans: Interpreting the Middle East is a 2004 book written by Middle-East historian Bernard Lewis. The book comprises a series of scholarly essays and speeches given by Lewis over a period of four decades on the topic of the Middle East and the Islamic world.
_uhttps://www.academia.edu/28542698/FROM_BABEL_TO_DRAGOMANS_INTERPRETING_THE_MIDDLE_EAST_BY_BERNARD_LEWIS
650 _aMiddle East
_910336
650 _aLaw of Islam
_910337
650 _aModern Turky
_910338
650 _aEuropean History
_910339
700 _aLEWIS (Bernard)
_910340
942 _2ddc
_cGF
999 _c220561
_d220561